| 000 | 00956nam a22002537a 4500 | ||
|---|---|---|---|
| 008 | 081212t xxu||||| |||| 00| 0beng d | ||
| 010 | _aB-756033-40 | ||
| 020 |
_c250.00 _a9788183822329 |
||
| 035 | _aB-756033-40 | ||
| 037 | _bLotus Press | ||
| 040 | _bEnglish | ||
| 082 | _a158.1 | ||
| 100 |
_93724 _aSachdeva, Neeru |
||
| 245 |
_a100 Ways to motivate yourself / _cNeeru Sachdeva |
||
| 260 |
_aNew Delhi _bLotus Press _c2023 |
||
| 270 |
_a4735/22 , Prakash Deep Building Ansari Road, Darya Ganj, _bNew Delhi _e110002 |
||
| 300 |
_a230p. _c22cm (pbk) |
||
| 505 | _a | ||
| 600 |
_xBiography _93725 |
||
| 650 |
_aMotivation psychology _97590 |
||
| 650 |
_aself actualization _97714 |
||
| 942 |
_2ddc _cEN _mSAC _h158.1 |
||
| 999 |
_c199301 _d199301 |
||